000 01168cab a2200337 4500
001 ABS51913
008 090401t1995 xxu||||| |||| 00| 0 eng d
035 _a(Sirsi) u50413
041 _aeng
100 _aPowell-Smith, V.
245 _aDust, TV, Canary Wharf and the construction industry
260 _c1995
350 _a0
490 _aContract Journal
_v376(6006) 22/29 December 1994/ 5 January 1995, 13(
520 _aDiscusses two cases brought by residents of the Isle of Dogs; "Hunter and others v LDDC", a negligence and nuisance claim against the developer for dust from further development and "Hunter and others v Canary Wharf Ltd" a nuisance claim for interference with television reception.
650 _aDEVELOPERS
650 _aDEVELOPMENT
650 _aDOCKLANDS
650 _aDUST
650 _aENTERPRISE ZONES
650 _aHUNTER AND OTHERS V CANARY WHARF LTD
650 _aHUNTER AND OTHERS V LDDC
650 _aISLE OF DOGS
650 _aNEGLIGENCE
650 _aNUISANCE
650 _aTELEVISION RECEPTION
650 _aTORT
690 _aBUILDING AND CONSTRUCTION-CASE LAW
942 _n0
948 _c04/03/1997
999 _c31460
_d31460